[Event "Rated Blitz game"]
[Site "?"]
[Date "2021.10.18"]
[Round "?"]
[White "jamshah12345"]
[Black "Pepiton61"]
[Result "0-1"]
[WhiteElo "2464"]
[BlackElo "2323"]
[PlyCount "92"]
[EventDate "2021.??.??"]
[EventType "blitz"]

1. e4 e5 2. Nf3 d5 3. exd5 e4 4. Qe2 Nf6 5. Nc3 Be7 6. Nxe4 O-O 7. Nxf6+ Bxf6
8. Qd1 Re8+ 9. Be2 Qxd5 10. O-O Nc6 11. c3 Qe4 12. Re1 Bg4 13. d3 Qf5 14. Be3
Rad8 15. d4 h6 16. h3 Bh5 17. g4 Bxg4 18. hxg4 Qxg4+ 19. Kh1 Qh3+ 20. Nh2 Ne5
21. Bf1 Qh4 22. Kg1 Re6 23. Qe2 Ng6 24. Qg4 Rde8 25. Qxh4 Nxh4 26. Bg2 Bg5 27.
Nf3 Bxe3 28. fxe3 Nf5 29. e4 Rxe4 30. Rxe4 Rxe4 31. Kf2 Rf4 32. Re1 g5 33. Re5
g4 34. Rxf5 Rxf5 35. Kg3 gxf3 36. Bxf3 Rg5+ 37. Kf4 Kg7 38. Bxb7 a5 39. Bf3 Rg6
40. b3 Rf6+ 41. Kg3 Rb6 42. c4 a4 43. c5 axb3 44. cxb6 bxa2 45. Be4 a1=Q 46. d5
Qe5+ {Time forfeit} 0-1

[Event "Rated Blitz game"]
[Site "?"]
[Date "2021.10.18"]
[Round "?"]
[White "Tokar1987"]
[Black "Benny_Watts_2005"]
[Result "0-1"]
[WhiteElo "2486"]
[BlackElo "2411"]
[PlyCount "80"]
[EventDate "2021.??.??"]
[EventType "blitz"]

1. e4 e5 2. Nf3 d5 3. Nxe5 Bd6 4. d4 dxe4 5. Nc4 Nc6 6. Nxd6+ Qxd6 7. c3 Nf6 8.
Be3 Nd5 9. Nd2 f5 10. Nc4 Qe7 11. g3 Bd7 12. Bh3 O-O-O 13. Qd2 h6 14. O-O-O g5
15. Ne5 Nxe3 16. Nxc6 Bxc6 17. fxe3 Bd7 18. Rdf1 Rhf8 19. Rf2 Rf6 20. Rhf1 Rdf8
21. Qd1 Qd6 22. Kb1 f4 23. Bxd7+ Kxd7 24. gxf4 gxf4 25. exf4 Rxf4 26. Rxf4 Rxf4
27. Rg1 Qf6 28. a3 e3 29. Qe2 Qf5+ 30. Ka2 Qe6+ 31. Ka1 Rf2 32. Qb5+ c6 33.
Qxb7+ Kd6 34. Qb4+ Kd5 35. Qc5+ Ke4 36. Re1 Kd3 37. Qh5 Qb3 38. Rd1+ Kc2 39.
Qg6+ Kxd1 40. Qg1+ Kd2 {Normal} 0-1

[Event "Rated Blitz game"]
[Site "?"]
[Date "2021.10.18"]
[Round "?"]
[White "talayedar"]
[Black "Annali-annaliew1979"]
[Result "0-1"]
[WhiteElo "2442"]
[BlackElo "2469"]
[PlyCount "36"]
[EventDate "2021.??.??"]
[EventType "blitz"]

1. e4 e5 2. Nf3 d5 3. exd5 e4 4. Qe2 f5 5. d3 Nf6 6. dxe4 fxe4 7. Bg5 Be7 8.
Bxf6 Bxf6 9. Qxe4+ Kf7 10. Be2 Re8 11. Qb4 a5 12. Qb3 a4 13. Qa3 Bf5 14. Nc3
Nd7 15. Qb4 Nb6 16. Rd1 a3 17. b3 Qd6 18. Rd4 Qxb4 {Normal} 0-1

[Event "Rated Blitz game"]
[Site "?"]
[Date "2021.10.18"]
[Round "?"]
[White "Bierpower"]
[Black "RCompany_1"]
[Result "1-0"]
[WhiteElo "2503"]
[BlackElo "2438"]
[PlyCount "77"]
[EventDate "2021.??.??"]
[EventType "blitz"]

1. e4 e5 2. Nf3 d5 3. exd5 e4 4. Nd4 Qxd5 5. Ne2 Qe5 6. Nbc3 Nc6 7. b3 Nf6 8.
Bb2 Bc5 9. Ng3 Bg4 10. Be2 Bxe2 11. Qxe2 Nd4 12. Qd1 O-O-O 13. O-O h5 14. Re1
h4 15. Ngxe4 Nxe4 16. Rxe4 Qg5 17. Rg4 Qf5 18. Ne4 Nxc2 19. Qxc2 Qxg4 20. Nxc5
h3 21. Qe4 Qxg2+ 22. Qxg2 hxg2 23. Ne4 f5 24. Ng5 Rxd2 25. Bc3 Rc2 26. Be5 Re8
27. Nf3 g5 28. Bf6 g4 29. Nd4 Rd2 30. Nxf5 Rf8 31. Ne7+ Kd7 32. Bh4 Rh8 33. Bg5
Re2 34. Nd5 Rh5 35. Nf6+ Ke6 36. Nxh5 Kf5 37. Be3 b6 38. Kxg2 c5 39. Ng3+ {
Normal} 1-0

[Event "Rated Blitz game"]
[Site "?"]
[Date "2021.10.18"]
[Round "?"]
[White "malcriado007"]
[Black "khalid_ontawar"]
[Result "0-1"]
[WhiteElo "2529"]
[BlackElo "2500"]
[PlyCount "60"]
[EventDate "2021.??.??"]
[EventType "blitz"]

1. e4 e5 2. Nf3 d5 3. Nxe5 Qe7 4. d4 f6 5. Nd3 dxe4 6. Nf4 Nc6 7. Bb5 Bf5 8. d5
O-O-O 9. Bxc6 bxc6 10. Qd4 c5 11. Qc4 Qd6 12. Nc3 g5 13. Nfe2 Ne7 14. Be3 Nxd5
15. Nxd5 Qxd5 16. Qa6+ Qb7 17. Qxf6 Bg4 18. Qxh8 Bxe2 19. Kxe2 Qa6+ 20. Ke1 c4
21. Qxh7 Qe6 22. h4 g4 23. h5 g3 24. fxg3 Bd6 25. Qg6 Qd5 26. Rd1 Qa5+ 27. Bd2
Qb6 28. Qxe4 Kb8 29. Bc3 Bxg3+ 30. Ke2 Qf2# {Normal} 0-1

[Event "Rated Blitz game"]
[Site "?"]
[Date "2021.10.18"]
[Round "?"]
[White "MartinPlus2"]
[Black "Schachelite"]
[Result "0-1"]
[WhiteElo "2421"]
[BlackElo "2468"]
[PlyCount "32"]
[EventDate "2021.??.??"]
[EventType "blitz"]

1. e4 e5 2. Nf3 d5 3. exd5 e4 4. Qe2 Nf6 5. d3 Qxd5 6. Nc3 Bb4 7. Bd2 Bxc3 8.
Bxc3 O-O 9. Nd2 exd3 10. Qxd3 Re8+ 11. Be2 Qxg2 12. O-O-O Qxf2 13. Bf3 Nbd7 14.
Rhf1 Qe3 15. Qc4 Ne5 16. Bxe5 Qxe5 {Normal} 0-1

[Event "Rated Blitz game"]
[Site "?"]
[Date "2021.10.18"]
[Round "?"]
[White "chaguito89"]
[Black "Annali-annaliew1979"]
[Result "0-1"]
[WhiteElo "2459"]
[BlackElo "2452"]
[PlyCount "64"]
[EventDate "2021.??.??"]
[EventType "blitz"]

1. e4 e5 2. Nf3 d5 3. Nxe5 Qe7 4. d4 f6 5. Qh5+ g6 6. Nxg6 Qxe4+ 7. Be3 Qxg6 8.
Qxd5 Ne7 9. Qb5+ c6 10. Qb3 Nd7 11. Nd2 Nb6 12. O-O-O Bf5 13. f3 h5 14. h3 h4
15. Rg1 Ned5 16. Bf2 O-O-O 17. g4 Be6 18. Bd3 Qg8 19. c4 Nf4 20. Bf1 Bh6 21.
Be3 Qg7 22. Kb1 Rhe8 23. Qa3 Bg8 24. Qxa7 Rxe3 25. Qxb6 Ne6 26. Ne4 Bh7 27. d5
Rxf3 28. Bd3 Rxd3 29. Rxd3 Bxe4 30. dxe6 Rxd3 31. Ka1 Be3 32. Re1 Bxb6 {Normal}
0-1

[Event "Rated Blitz game"]
[Site "?"]
[Date "2021.10.18"]
[Round "?"]
[White "irakliberadze"]
[Black "geptil"]
[Result "1/2-1/2"]
[WhiteElo "2582"]
[BlackElo "2460"]
[PlyCount "125"]
[EventDate "2021.??.??"]
[EventType "blitz"]

1. e4 e5 2. Nf3 d5 3. Nc3 dxe4 4. Nxe4 f5 5. Nxe5 Qd4 6. Qh5+ g6 7. Nxg6 Qxe4+
8. Be2 hxg6 9. Qxh8 Qxg2 10. Rf1 Be6 11. d3 Nc6 12. Be3 O-O-O 13. O-O-O f4 14.
Bxf4 Be7 15. Qc3 Nf6 16. Rde1 Nd5 17. Qb3 Nxf4 18. Bf3 Qxf3 19. Rxe6 Nxe6 20.
Qxe6+ Kb8 21. Qxg6 Qf6 22. Qe4 Bd6 23. Kb1 Bxh2 24. f4 Rf8 25. f5 Bd6 26. a3
Qe5 27. Qg4 Nd4 28. f6 a5 29. f7 Qe2 30. Qxe2 Nxe2 31. Re1 Nd4 32. Re8+ Ka7 33.
c3 Nc6 34. d4 Rxf7 35. Re2 a4 36. Ka2 Na5 37. Re4 b5 38. Re1 Nb3 39. Rd1 Rf2
40. Rh1 Kb6 41. Rd1 Rc2 42. Kb1 Rc1+ 43. Rxc1 Nxc1 44. Kxc1 Kc6 45. Kc2 Kd5 46.
Kd3 c6 47. Kd2 Kc4 48. Kc2 Bf4 49. Kb1 Kb3 50. Ka1 Bd2 51. Kb1 Bxc3 52. d5 cxd5
53. bxc3 Kxc3 54. Kc1 b4 55. Kb1 bxa3 56. Ka2 d4 57. Kb1 d3 58. Kc1 d2+ 59. Kd1
a2 60. Ke2 Kc2 61. Ke3 d1=Q 62. Kf4 Qd6+ 63. Ke4 {Time forfeit} 1/2-1/2

[Event "Rated Blitz game"]
[Site "?"]
[Date "2021.10.18"]
[Round "?"]
[White "jcmesafischer"]
[Black "RCompany_1"]
[Result "1-0"]
[WhiteElo "2440"]
[BlackElo "2429"]
[PlyCount "129"]
[EventDate "2021.??.??"]
[EventType "blitz"]

1. e4 e5 2. Nf3 d5 3. exd5 e4 4. Qe2 Nf6 5. d3 Qxd5 6. dxe4 Qxe4 7. Qxe4+ Nxe4
8. Bd3 Nc5 9. Bc4 Be6 10. Bxe6 Nxe6 11. O-O Nc6 12. Be3 O-O-O 13. c3 Bc5 14.
Bxc5 Nxc5 15. Na3 Na4 16. Rab1 Rhe8 17. Nc4 Re2 18. Rfe1 Rde8 19. Rxe2 Rxe2 20.
Kf1 Re4 21. Nfd2 Re7 22. Ne3 Rd7 23. Ne4 Ne5 24. b3 Nb6 25. Nc5 Rd2 26. a4 g6
27. Rd1 Rxd1+ 28. Nxd1 Nd5 29. g3 b6 30. Ne4 f5 31. Ng5 Nf6 32. Ke2 Kd7 33. Ne3
Kd6 34. Nf3 Nxf3 35. Kxf3 a6 36. Kf4 b5 37. a5 c5 38. Kg5 Ne4+ 39. Kh6 Nxc3 40.
Kxh7 c4 41. bxc4 b4 42. Nc2 b3 43. Na3 g5 44. Kg6 f4 45. h4 gxh4 46. gxh4 Ne4
47. h5 Nxf2 48. h6 Ne4 49. h7 f3 50. h8=Q f2 51. Qd4+ Kc6 52. Qxe4+ Kc5 53. Qf3
Kb4 54. Qxf2 Kxa3 55. Qe3 Ka2 56. c5 b2 57. Qd2 Ka1 58. Qxb2+ Kxb2 59. c6 Kb3
60. c7 Kb4 61. c8=Q Kxa5 62. Qf5+ Kb4 63. Kf6 a5 64. Qe4+ Kb3 65. Ke5 {Time
forfeit} 1-0

[Event "Rated Blitz game"]
[Site "?"]
[Date "2021.10.18"]
[Round "?"]
[White "Guppster"]
[Black "Anecdot"]
[Result "1-0"]
[WhiteElo "2450"]
[BlackElo "2300"]
[PlyCount "37"]
[EventDate "2021.??.??"]
[EventType "blitz"]

1. e4 e5 2. Nf3 d5 3. exd5 e4 4. Qe2 f5 5. d3 Nf6 6. Nc3 Bb4 7. Bd2 O-O 8. dxe4
fxe4 9. Nd4 c5 10. Ne6 Bxe6 11. dxe6 a6 12. O-O-O b5 13. Nxe4 Qa5 14. Bxb4 cxb4
15. Nxf6+ Rxf6 16. e7 Nc6 17. e8=Q+ Rf8 18. Qxc6 Qxa2 19. Qce6+ {Normal} 1-0

[Event "Rated Blitz game"]
[Site "?"]
[Date "2021.10.18"]
[Round "?"]
[White "kutttayy"]
[Black "Pepiton61"]
[Result "1-0"]
[WhiteElo "2463"]
[BlackElo "2338"]
[PlyCount "97"]
[EventDate "2021.??.??"]
[EventType "blitz"]

1. e4 e5 2. Nf3 d5 3. exd5 e4 4. Qe2 Nf6 5. d3 Qxd5 6. dxe4 Qxe4 7. Qxe4+ Nxe4
8. Bd3 Nc5 9. Bc4 Be6 10. Bxe6 Nxe6 11. O-O Nc6 12. Nc3 O-O-O 13. Be3 Bb4 14.
Ne4 h6 15. c3 Be7 16. Rfd1 Rxd1+ 17. Rxd1 Rd8 18. Rxd8+ Kxd8 19. Kf1 f5 20.
Ned2 f4 21. Bd4 Nexd4 22. cxd4 Bf6 23. Nb3 g5 24. h3 Kd7 25. Ke2 b6 26. a3 Ke6
27. Kd3 Kd5 28. g3 fxg3 29. fxg3 a5 30. a4 Nb4+ 31. Ke3 c6 32. g4 Nc2+ 33. Kd3
Nb4+ 34. Ke3 Bg7 35. h4 gxh4 36. Nxh4 Nc2+ 37. Kd3 Nxd4 38. Nxd4 Bxd4 39. b3 b5
40. Nf5 Be5 41. Nxh6 bxa4 42. bxa4 Kc5 43. g5 Bf4 44. Nf7 Bxg5 45. Nxg5 Kb4 46.
Ne4 Kxa4 47. Kc4 Ka3 48. Kc3 a4 49. Nd2 {Time forfeit} 1-0

[Event "Rated Blitz game"]
[Site "?"]
[Date "2021.10.18"]
[Round "?"]
[White "slamena_michaeil"]
[Black "geptil"]
[Result "0-1"]
[WhiteElo "2417"]
[BlackElo "2467"]
[PlyCount "58"]
[EventDate "2021.??.??"]
[EventType "blitz"]

1. e4 e5 2. Nf3 d5 3. exd5 e4 4. Qe2 Nf6 5. Nc3 Be7 6. Nxe4 O-O 7. d3 Re8 8.
Be3 Nxd5 9. O-O-O f5 10. Nc3 Nxc3 11. bxc3 f4 12. d4 fxe3 13. fxe3 Be6 14. d5
Bf7 15. Qb5 a6 16. Qxb7 Ba3+ 17. Kb1 Nd7 18. Qc6 Rb8+ 19. Ka1 Rb6 20. Qc4 Qb8
21. Nd4 Ne5 22. Qa4 Bb2+ 23. Kb1 Bxc3+ 24. Nb3 Ng4 25. Rg1 Nxe3 26. Rd3 Nc4 27.
a3 Re1+ 28. Ka2 Ra1+ 29. Nxa1 Rb2# {Normal} 0-1

[Event "Rated Blitz game"]
[Site "?"]
[Date "2021.10.18"]
[Round "?"]
[White "alez33"]
[Black "Annali-annaliew1979"]
[Result "0-1"]
[WhiteElo "2366"]
[BlackElo "2445"]
[PlyCount "142"]
[EventDate "2021.??.??"]
[EventType "blitz"]

1. e4 e5 2. Nf3 d5 3. exd5 e4 4. Qe2 f5 5. d3 Nf6 6. Nc3 Bb4 7. dxe4 Bxc3+ 8.
bxc3 fxe4 9. Bg5 O-O 10. Nd4 Qxd5 11. Qc4 c6 12. Be2 Nbd7 13. O-O Ne5 14. Qxd5+
cxd5 15. c4 Nxc4 16. Bxc4 dxc4 17. Rfe1 Re8 18. Bxf6 gxf6 19. Rab1 b6 20. Nb5
f5 21. f3 Bb7 22. Nd6 Bd5 23. Nxe8 Rxe8 24. f4 Bc6 25. Rbd1 Re6 26. Kf2 c3 27.
Re3 Rg6 28. g3 Rh6 29. h4 Re6 30. Rxc3 Kf7 31. Ke3 Ke7 32. Ra3 a5 33. Rb1 Be8
34. c4 Rc6 35. Kd4 Rd6+ 36. Ke5 Bd7 37. c5 Re6+ 38. Kd5 Bc6+ 39. Kd4 b5 40.
Rxa5 e3 41. Re1 e2 42. Ra7+ Ke8 43. Rxh7 Bf3 44. h5 Kf8 45. Rd7 Rh6 46. Rd6
Rxh5 47. c6 Ke7 48. Rd7+ Ke8 49. Rg7 Rh6 50. c7 Rc6 51. Rg8+ Kd7 52. c8=Q+ Rxc8
53. Rxc8 Kxc8 54. Kc5 Kc7 55. Kxb5 Kd6 56. a4 Kd5 57. a5 Kd4 58. a6 Ke3 59. Kc5
Kf2 60. Ra1 Kxg3 61. Kd4 Kf2 62. Ke5 Be4 63. a7 e1=Q 64. Rxe1 Kxe1 65. a8=Q
Bxa8 66. Kxf5 Bc6 67. Ke6 Be8 68. f5 Bh5 69. f6 Bg4+ 70. Ke7 Bh5 71. f7 Be2 {
Time forfeit} 0-1

[Event "Rated Rapid game"]
[Site "?"]
[Date "2021.10.18"]
[Round "?"]
[White "Ysmp75"]
[Black "Newton_54"]
[Result "1-0"]
[WhiteElo "2470"]
[BlackElo "2374"]
[PlyCount "113"]
[EventDate "2021.??.??"]
[EventType "rapid"]

1. e4 e5 2. Nf3 d5 3. exd5 e4 4. Qe2 Nf6 5. d3 Qxd5 6. Nfd2 Nc6 7. Nxe4 Be6 8.
Nbc3 Bb4 9. Bd2 Qa5 10. a3 Nxe4 11. Qxe4 O-O-O 12. Be2 Rhe8 13. O-O Bxc3 14.
Bxc3 Qg5 15. Bf3 Kb8 16. Rfe1 h5 17. Qa4 Bd7 18. Rxe8 Rxe8 19. Qb3 Be6 20. Qa4
Bd7 21. h4 Qf5 22. Qb3 Be6 23. Re1 Nd8 24. Bd5 g6 25. Bxe6 Rxe6 26. Rxe6 Nxe6
27. Qc4 Nf4 28. g3 Nh3+ 29. Kg2 Qxf2+ 30. Kxh3 Qg1 31. Qe4 Qf1+ 32. Qg2 Qf5+
33. Kh2 a6 34. Bd2 f6 35. Be3 g5 36. Qf2 Qe6 37. Bd4 gxh4 38. gxh4 Qd6+ 39. Kg1
b6 40. Bxf6 Qf8 41. Be5 Qg8+ 42. Bg3 Qe6 43. Kh2 Kb7 44. c4 Qc6 45. b4 Qe6 46.
Qf3+ Ka7 47. Qxh5 Qf6 48. Qe2 Qa1 49. Be5 Qxa3 50. b5 Qc1 51. bxa6 Qa3 52. h5
Qc5 53. h6 Qf8 54. Bg7 Qe8 55. Qxe8 c5 56. Qc6 Kxa6 57. Qa8# {Normal} 1-0

[Event "Rated Blitz game"]
[Site "?"]
[Date "2021.10.18"]
[Round "?"]
[White "STACKSTORM"]
[Black "Benny_Watts_2005"]
[Result "1-0"]
[WhiteElo "2460"]
[BlackElo "2422"]
[PlyCount "109"]
[EventDate "2021.??.??"]
[EventType "blitz"]

1. e4 e5 2. Nf3 d5 3. Nc3 d4 4. Ne2 Bd6 5. c3 c5 6. d3 Nf6 7. h3 Nc6 8. c4 O-O
9. g4 b5 10. b3 bxc4 11. bxc4 a5 12. Ng3 a4 13. Be2 a3 14. O-O Bd7 15. Rb1 Nb4
16. Qd2 Ba4 17. Bxa3 Bc2 18. Bxb4 Bxb1 19. Rxb1 cxb4 20. Rb2 Qc7 21. Nf5 Bc5
22. N3h4 Nd7 23. g5 Ra3 24. Kh2 Rfa8 25. Bh5 g6 26. Nh6+ Kg7 27. Bg4 Nf8 28.
Qe2 f5 29. exf5 e4+ 30. Kg2 exd3 31. f6+ Kh8 32. Qe4 Rxa2 33. Rxa2 Rxa2 34. Be6
d2 35. Nf7+ Qxf7 36. Bxf7 d1=Q 37. Bxg6 Rxf2+ 38. Kxf2 d3+ 39. Kg3 Qg1+ 40. Ng2
Bf2+ 41. Kf3 hxg6 42. Qe7 Qd1+ 43. Kf4 Qd2+ 44. Kf3 Qe2+ 45. Qxe2 dxe2 46. Kxe2
b3 47. Kd3 b2 48. Kc2 Bd4 49. Nf4 Nd7 50. Nxg6+ Kg8 51. Ne7+ Kf7 52. Nd5 Nc5
53. h4 Ne4 54. h5 Nxg5 55. h6 {Time forfeit} 1-0

[Event "Rated Blitz game"]
[Site "?"]
[Date "2021.10.18"]
[Round "?"]
[White "Desmont_Doss"]
[Black "alaeldin1212"]
[Result "0-1"]
[WhiteElo "2446"]
[BlackElo "2385"]
[PlyCount "46"]
[EventDate "2021.??.??"]
[EventType "blitz"]

1. e4 e5 2. Nf3 d5 3. exd5 e4 4. Ne5 Qxd5 5. d4 exd3 6. Nxd3 Nf6 7. Nc3 Qd8 8.
Be2 Nc6 9. O-O Be7 10. Nf4 O-O 11. Be3 Bf5 12. Ncd5 Nxd5 13. Nxd5 Bd6 14. c3
Be4 15. Bf3 Re8 16. Bxe4 Qh4 17. Bxh7+ Qxh7 18. h3 Rad8 19. Qg4 Re6 20. Rad1
Rg6 21. Qe4 Qxh3 22. Ne7+ Nxe7 23. Rxd6 Rdxd6 {Normal} 0-1

[Event "Rated Blitz game"]
[Site "?"]
[Date "2021.10.18"]
[Round "?"]
[White "Apuwins"]
[Black "Heri72"]
[Result "1-0"]
[WhiteElo "2450"]
[BlackElo "2478"]
[PlyCount "75"]
[EventDate "2021.??.??"]
[EventType "blitz"]

1. e4 e5 2. Nf3 d5 3. Nxe5 Bd6 4. d4 dxe4 5. Nc4 Nc6 6. Nc3 f5 7. Be3 Nf6 8.
Qd2 h6 9. O-O-O Ng4 10. h3 Nxe3 11. Qxe3 O-O 12. f4 a6 13. Be2 b5 14. Ne5 Ne7
15. g4 b4 16. Bc4+ Kh7 17. Ne2 c6 18. Rdg1 a5 19. g5 Ba6 20. gxh6 g6 21. Nf7
Rxf7 22. Bxf7 Bxe2 23. Qxe2 Bxf4+ 24. Kb1 Qxd4 25. h4 Be5 26. c3 bxc3 27. h5 g5
28. Rd1 Qb6 29. Rd7 Bf6 30. Bg6+ Kh8 31. Rhd1 f4 32. R1d6 f3 33. Qc2 f2 34. Rd1
e3 35. Bd3 cxb2 36. Bf1 e2 37. Bxe2 Qe3 38. Rd8+ {Time forfeit} 1-0

[Event "Rated Blitz game"]
[Site "?"]
[Date "2021.10.18"]
[Round "?"]
[White "SrJingles"]
[Black "Annali-annaliew1979"]
[Result "0-1"]
[WhiteElo "2536"]
[BlackElo "2464"]
[PlyCount "65"]
[EventDate "2021.??.??"]
[EventType "blitz"]

1. e4 e5 2. Nf3 d5 3. exd5 e4 4. Qe2 f5 5. d3 Nf6 6. Nc3 Bb4 7. Bd2 Bxc3 8.
Bxc3 O-O 9. dxe4 Nxe4 10. Qc4 Nd6 11. Qd3 b6 12. O-O-O Ba6 13. Qe3 Bxf1 14.
Rhxf1 Ne4 15. Kb1 Nd7 16. Ne5 Nxe5 17. Bxe5 Re8 18. Qd4 Qg5 19. f3 Nd6 20. h4
Qg6 21. g4 Nb5 22. Qf4 Rad8 23. gxf5 Qh6 24. Qxh6 gxh6 25. Rg1+ Kf8 26. f4 Rd7
27. a4 Nd6 28. f6 Nc4 29. Bc3 Ne3 30. Rde1 Nxd5 31. Rxe8+ Kxe8 32. Rg8+ Kf7 33.
Rg6 {Normal} 0-1

[Event "Rated Blitz game"]
[Site "?"]
[Date "2021.10.18"]
[Round "?"]
[White "blunder_ata"]
[Black "Annali-annaliew1979"]
[Result "1/2-1/2"]
[WhiteElo "2488"]
[BlackElo "2461"]
[PlyCount "116"]
[EventDate "2021.??.??"]
[EventType "blitz"]

1. e4 e5 2. Nf3 d5 3. Qe2 dxe4 4. Qxe4 f6 5. Bb5+ c6 6. Bc4 g6 7. Bxg8 Rxg8 8.
d3 Bf5 9. Qe2 Nd7 10. Nc3 Bb4 11. Bd2 Qa5 12. O-O h5 13. a3 Bxc3 14. Bxc3 Qc7
15. Nd4 O-O-O 16. Nxf5 gxf5 17. Qxh5 Rg5 18. Qf7 Rdg8 19. g3 f4 20. Qe6 fxg3
21. fxg3 e4 22. Be1 exd3 23. cxd3 Kb8 24. Kg2 Nc5 25. Qe3 Qd6 26. d4 Qd5+ 27.
Rf3 Ne4 28. Qf4+ Ka8 29. Rd1 f5 30. Bf2 a6 31. Qe5 Qa2 32. d5 Nxf2 33. Rxf2 f4
34. Qxf4 Rxd5 35. Rxd5 Qxd5+ 36. Qf3 Qd8 37. b4 Ka7 38. Re2 Qd1 39. Qe3+ Ka8
40. Rf2 Qd5+ 41. Qf3 Qd8 42. a4 Qb6 43. Qe4 Rd8 44. a5 Qb5 45. Qf4 Ka7 46. Rd2
Rd5 47. Rxd5 Qxd5+ 48. Kh3 Qh5+ 49. Qh4 Qf5+ 50. Qg4 Qh7+ 51. Kg2 Qc2+ 52. Kh3
Qh7+ 53. Qh4 Qf5+ 54. g4 Qf1+ 55. Kg3 Qe1+ 56. Kh3 Qf1+ 57. Kg3 Qe1+ 58. Kh3
Qf1+ {Normal} 1/2-1/2

[Event "Rated Blitz game"]
[Site "?"]
[Date "2021.10.18"]
[Round "?"]
[White "carpincho"]
[Black "sillierchess"]
[Result "0-1"]
[WhiteElo "2323"]
[BlackElo "2426"]
[PlyCount "78"]
[EventDate "2021.??.??"]
[EventType "blitz"]

1. e4 e5 2. Nf3 d5 3. exd5 Bd6 4. Bb5+ c6 5. dxc6 bxc6 6. Bc4 e4 7. Nd4 Nf6 8.
Nc3 O-O 9. h3 Qe7 10. Nde2 Nbd7 11. d4 exd3 12. Bxd3 Ne5 13. Bg5 Nxd3+ 14. Qxd3
Rb8 15. b3 h6 16. Be3 Rd8 17. Rd1 Bc7 18. Qc4 Rxd1+ 19. Nxd1 Ba5+ 20. c3 Bd7
21. O-O Nd5 22. b4 Bc7 23. Bxa7 Re8 24. Ng3 Qg5 25. Ne4 Qf4 26. f3 Qh2+ 27. Kf2
Bxh3 28. Rg1 Nf4 29. Ne3 Be6 30. Qxc6 Nh3+ 31. Ke2 Nxg1+ 32. Kd3 Rd8+ 33. Kc2
Bf4 34. c4 Bxe3 35. Bxe3 Qxg2+ 36. Kb3 Qxf3 37. Nc3 Qxe3 38. Qc7 Rd3 39. Qb8+
Kh7 {Normal} 0-1

[Event "Rated Blitz game"]
[Site "?"]
[Date "2021.10.18"]
[Round "?"]
[White "Bierpower"]
[Black "Annali-annaliew1979"]
[Result "1-0"]
[WhiteElo "2506"]
[BlackElo "2452"]
[PlyCount "155"]
[EventDate "2021.??.??"]
[EventType "blitz"]

1. e4 e5 2. Nf3 d5 3. exd5 e4 4. Nd4 c5 5. Nb3 f5 6. Nc3 Nf6 7. d3 Bd6 8. dxe4
fxe4 9. Be3 O-O 10. Be2 b6 11. Qd2 a6 12. h3 b5 13. Bg5 Nbd7 14. Nxe4 Qb6 15.
Nxf6+ Nxf6 16. Be3 Bf5 17. O-O Rae8 18. c4 Ne4 19. Qa5 Qb8 20. cxb5 axb5 21.
Qxb5 Qd8 22. Nxc5 Ng3 23. Ne6 Nxe2+ 24. Qxe2 Bxe6 25. dxe6 Qf6 26. Rae1 Qxe6
27. a3 Kh8 28. Qg4 Qf6 29. Bd4 Qf7 30. Rxe8 Rxe8 31. Bc3 h6 32. Qh4 Kh7 33. Qg4
Re6 34. Rd1 Rg6 35. Qe4 Bc5 36. Bd4 Qb3 37. Re1 Bxd4 38. Qxd4 Qxh3 39. Qe4 Qb3
40. Re3 Qxb2 41. Rg3 Qc1+ 42. Kh2 Qc6 43. Qxg6+ Qxg6 44. Rxg6 Kxg6 45. a4 Kf6
46. Kg3 Ke6 47. Kf4 g6 48. a5 g5+ 49. Kg4 Kd6 50. a6 Kc6 51. Kh5 Kb6 52. Kxh6
g4 53. Kh5 g3 54. f4 Kxa6 55. Kg4 Kb6 56. Kg5 Kc6 57. Kg6 Kd5 58. f5 Ke4 59. f6
Ke3 60. f7 Kf2 61. f8=Q+ Kxg2 62. Qf4 Kh3 63. Qg5 g2 64. Qh5+ Kg3 65. Qg5+ Kf3
66. Qf5+ Kg3 67. Qe5+ Kf3 68. Qd5+ Kf2 69. Qd2+ Kf1 70. Qd1+ Kf2 71. Qd4+ Kf1
72. Qf4+ Ke2 73. Qg3 Kf1 74. Qf3+ Kg1 75. Kg5 Kh2 76. Qh5+ Kg1 77. Qg4 Kf2 78.
Kf4 {Time forfeit} 1-0

[Event "Rated Blitz game"]
[Site "?"]
[Date "2021.10.18"]
[Round "?"]
[White "FG-Panes111"]
[Black "seph_osorio79"]
[Result "1-0"]
[WhiteElo "2408"]
[BlackElo "2348"]
[PlyCount "163"]
[EventDate "2021.??.??"]
[EventType "blitz"]

1. e4 e5 2. Nf3 d5 3. exd5 e4 4. Qe2 Nf6 5. d3 Be7 6. dxe4 O-O 7. Nbd2 Re8 8.
Qc4 c6 9. Be2 cxd5 10. exd5 Qxd5 11. O-O Nc6 12. Qxd5 Nxd5 13. Bc4 Nb6 14. Bb3
Bg4 15. h3 Bh5 16. g4 Bg6 17. Re1 Bf6 18. Nf1 Nd4 19. Rxe8+ Rxe8 20. Nxd4 Bxd4
21. c3 Bf6 22. Be3 Bd3 23. Rd1 Be2 24. Rd6 Nc4 25. Bxc4 Bxc4 26. a3 a6 27. Rd7
Rb8 28. Nd2 Be6 29. Bf4 Bxd7 30. Bxb8 b5 31. Ne4 Be7 32. Bd6 Bd8 33. Nc5 Bc8
34. Kg2 a5 35. Kg3 Bb6 36. Nd3 f6 37. Nf4 Kf7 38. Nd5 Bd8 39. Bc7 Bxc7+ 40.
Nxc7 Bd7 41. Nd5 Bc6 42. Ne3 g6 43. f4 Ke6 44. Kf2 Kd6 45. Ke2 Kc5 46. b4+ axb4
47. axb4+ Kd6 48. Kd3 Ke6 49. Kd4 Kd6 50. c4 bxc4 51. Nxc4+ Kc7 52. h4 h6 53.
g5 fxg5 54. hxg5 hxg5 55. fxg5 Bd7 56. Ne5 Bf5 57. Kc5 Kc8 58. b5 Kc7 59. b6+
Kb7 60. Nf7 Be4 61. Nd6+ Kb8 62. Nxe4 Kc8 63. Nd6+ Kd7 64. b7 Kc7 65. Kd5 Kb8
66. Ke6 Kc7 67. Ke5 Kb8 68. Kf6 Kc7 69. Kxg6 Kb8 70. Ne8 Kxb7 71. Kf7 Kb6 72.
Nf6 Kc5 73. g6 Kd4 74. g7 Ke3 75. g8=Q Kd3 76. Qg6+ Ke3 77. Qg5+ Kd4 78. Qh4+
Ke3 79. Qh3+ Kd4 80. Qg4+ Kc5 81. Qg5+ Kd6 82. Qd5+ {Time forfeit} 1-0

[Event "Rated Blitz game"]
[Site "?"]
[Date "2021.10.18"]
[Round "?"]
[White "Rimeda"]
[Black "Heri72"]
[Result "0-1"]
[WhiteElo "2411"]
[BlackElo "2454"]
[PlyCount "40"]
[EventDate "2021.??.??"]
[EventType "blitz"]

1. e4 e5 2. Nf3 d5 3. exd5 Bd6 4. d4 e4 5. Ne5 g6 6. Bb5+ Kf8 7. O-O a6 8. Ba4
b5 9. Bb3 Nd7 10. Nc6 Qh4 11. g3 Qh3 12. Nd2 Ndf6 13. Qe2 Bg4 14. Qe3 Re8 15.
a4 Bd7 16. axb5 Ng4 17. Re1 Qxh2+ 18. Kf1 Nxe3+ 19. Rxe3 Qh1+ 20. Ke2 Bg4+ {
Normal} 0-1

[Event "Rated Blitz tournament blxe8Nte"]
[Site "?"]
[Date "2021.10.18"]
[Round "?"]
[White "HELMUT_LANG"]
[Black "Schachelite"]
[Result "0-1"]
[WhiteElo "2733"]
[BlackElo "2469"]
[PlyCount "162"]
[EventDate "2021.??.??"]
[EventType "blitz"]

1. e4 e5 2. Nf3 d5 3. d3 dxe4 4. dxe4 Qxd1+ 5. Kxd1 Bg4 6. Be3 Nf6 7. Nbd2 Nc6
8. Bd3 O-O-O 9. h3 Bxf3+ 10. Nxf3 Nxe4 11. Ke2 Nd6 12. Ng5 h6 13. Ne4 Nxe4 14.
Bxe4 Nd4+ 15. Bxd4 Rxd4 16. f3 Bc5 17. c3 Rd6 18. b4 Bb6 19. a4 a5 20. Rhd1
Rhd8 21. Rxd6 Rxd6 22. g4 c6 23. Rb1 Kc7 24. h4 axb4 25. cxb4 Rd4 26. g5 hxg5
27. hxg5 g6 28. b5 cxb5 29. axb5 Ba5 30. Rh1 Rd2+ 31. Ke3 Rd7 32. Rh7 Bd2+ 33.
Ke2 Bxg5 34. b6+ Kxb6 35. Rh1 Rd2+ 36. Ke1 f5 37. Rg1 fxe4 38. Rxg5 Rd4 39.
Rxg6+ Kc5 40. Re6 Kd5 41. Rf6 exf3 42. Rxf3 b5 43. Rf8 b4 44. Rc8 Ke4 45. Ke2
Kf4 46. Rc7 Rd5 47. Rb7 Rd4 48. Rc7 Ke4 49. Rc8 Kd5 50. Ke3 Rh4 51. Kd3 Rh3+
52. Kd2 Kd4 53. Rd8+ Ke4 54. Rb8 b3 55. Kc1 Kd3 56. Rd8+ Ke2 57. Kb2 e4 58. Rg8
Rd3 59. Rg2+ Kf3 60. Rh2 e3 61. Rh3+ Kg2 62. Rh8 e2 63. Rg8+ Kf2 64. Rf8+ Rf3
65. Rh8 e1=Q 66. Rh2+ Kg3 67. Rh8 Qe2+ 68. Ka3 Qa2+ 69. Kb4 b2 70. Rg8+ Kf2 71.
Rc8 b1=Q+ 72. Kc5 Qac2+ 73. Kd6 Qxc8 74. Ke5 Qb5+ 75. Kd4 Qcd7+ 76. Ke4 Rf4+
77. Kxf4 Qc4+ 78. Kg5 Qdd5+ 79. Kf6 Qcc6+ 80. Kg7 Qdd7+ 81. Kf8 Qcc8# {Normal}
0-1